Personnel management : Modern concepts a techniques

Bibliographic Details
Main Author: Dessler, Gary
Format: Book
Published: Virginia : Prentice Hall Inc , 1981
Subjects:

MARC

LEADER 00000cam a2200000 7i4500
001 0000004239
005 20050419.0
040 |a INS 
090 0 0 |a HF5549.   |b D4379 1981 
100 1 |a Dessler, Gary 
245 1 0 |a Personnel management :   |b Modern concepts a techniques   |c Gary Dessler 
260 |a Virginia :   |b Prentice Hall Inc ,   |c 1981 
300 |a xiv, 557p. ;   |c 24 cm. 
650 0 0 |a Personnel management 
999 |a 0000000070   |b BOOK   |c Open Shelf   |e Default branch